000 00601nam a2200145Ia 4500
008 230917s9999||||xx |||||||||||||| ||und||
040 _e4039
_aMAIN
041 _aEnglish
082 _a309.10973 D857E
100 _aDudene, Fracouis, ed.
245 0 _aEndless of crisis America in the seventies: A confronitation of the world's feading socail scientist on the problems, impact and globe role of the United States in the next decade a seminar under the auspices of the international association for cultural freedom
260 _aNew York
_bSimon & Schuster
_c1970
300 _a310 p.
942 _cBK
999 _c194145
_d194145